[Event "IECG CM.2001.0.00134"]
[Site "IECG email"]
[Date "2001.03.04"]
[Round "?"]
[White "Zenishchev, Anatoly"]
[Black "Markus, Roland"]
[Result "0-1"]
[WhiteElo "2322"]
[BlackElo "2356"]
[PlyCount "50"]
[EventDate "2001.03.04"]
[EventType "tourn (corr)"]
[EventRounds "6"]
[SourceTitle "Corr 2008"]
[Source "ChessBase"]
[SourceDate "2008.06.24"]
[SourceVersion "1"]
[SourceVersionDate "2008.06.24"]
[SourceQuality "1"]

1. e4 c6 2. d4 d5 3. e5 Bf5 4. Nf3 e6 5. Bd3 Ne7 6. 0-0 Nd7 7. Be3 Bxd3 8. Qxd3 Ng6 9. Ng5 Be7 10. f4 Nxf4 11. Nxf7 Nxd3 12. Nxd8 Bxd8 13. cxd3 Bb6 14. Bf2 c5 15. dxc5 Nxc5 16. Rd1 0-0 17. d4 Nd7 18. Rd2 Nxe5 19. Nc3 Ng4 20. Bg3 e5 21. Nxd5 Bxd4+ 22. Kh1 Rad8 23. Nb4 e4 24. a3 Ne3 25. h3 Nf1 0-1